[Event "UZB-ch Women 2021"]
[Site "Tashkent"]
[Date "2021.04.20"]
[Round "3.2"]
[White "Saparova, Sitora"]
[Black "Khegay, Yuliya"]
[Result "1-0"]
[WhiteElo "2017"]
[BlackElo "1913"]
[Annotator "TA"]
[PlyCount "158"]
[EventDate "2021.04.17"]
[EventType "tourn"]
[EventCountry "UZB"]
[SourceTitle "playchess.com"]
[Source "ChessBase"]
[SourceQuality "1"]

{[%evp 9,158,0,14,10,12,6,7,0,-4,-25,-20,-17,-19,-31,-9,-12,0,-3,13,13,19,18,20,11,38,37,35,35,46,45,57,41,34,33,46,33,37,35,40,37,43,31,35,12,38,11,22,10,25,16,21,-3,-8,-42,-42,-91,-100,-96,-83,-95,-90,-84,-81,-95,-95,-102,-100,-109,-95,-147,-136,-228,-213,-246,-246,-247,-247,-245,-233,-241,-239,-491,-480,-801,-778,-764,-758,-626,-507,-777,-695,-595,-581,-491,-564,-499,-397,-7100,-713,-604,-647,-546,-425,-1105,-331,-29978,-29979,-29979,-29980,-29980,-29981,-29981,-29982,-29982,-29983,-29982,-29983,-29978,-5810,-29984,0,-29978,-29979,-29978,-29979,-29979,-29980,-29980,-29981,-29982,-29983,-29987,-29982,-29982,-29983,-29990,-29987,-29987,-29988,-29988,-29989,-29990,-29989,-29989,-29990,-29990,-29991,-29991,-29992,-29992,-29993]} 1. d4 d5 2. Bf4 Nf6 3. e3 c5 4. Nf3 Nc6 5. Nbd2 Bg4 6. h3 {D02: 1 d4 d5 2 Nf3 sidelines, including 2...Nf6 3 g3 and 2...Nf6 3 Bf4.} Bxf3 7. Nxf3 (7. gxf3 cxd4 8. exd4 Nxd4 $17) 7... e6 8. c3 {The position is equal.} Bd6 {[#]} 9. Bb5 $146 ({Predecessor:} 9. dxc5 Bxc5 10. Bb5 O-O 11. O-O Ne7 12. Rc1 Ng6 13. Bh2 Bd6 14. Bxd6 Qxd6 15. Be2 {1-0 (35) Le,Q (2709)-Xiong,J (2709) chess24.com INT 2020}) 9... Bxf4 10. exf4 Qb6 11. Qa4 O-O 12. dxc5 Qxc5 13. O-O Ne7 14. Bd3 a6 15. Rfe1 Rfd8 16. Rad1 Ng6 17. f5 exf5 18. Bxf5 Re8 19. Bxg6 hxg6 20. Qd4 Qb5 21. Qd2 Rad8 22. Nd4 Qc4 23. a3 Qc7 24. Rxe8+ Rxe8 25. Re1 Ne4 26. Qe3 Qb6 27. Re2 (27. Qc1 {seems wilder.} Qd8 28. Nf3 Nd6 29. Rd1 Nc4 30. b3) 27... Nd6 28. Qd2 Rxe2 29. Qxe2 Kf8 30. Qc2 Nc4 31. b3 Nxa3 32. Qd2 Nb5 33. Ne2 Qc5 34. Qf4 Qc7 ({Don't go for} 34... Nxc3 $2 35. Qb8+ Ke7 36. Qe5+ (36. Qxb7+ Kf6 $11) 36... Kd7 37. Nxc3 $16) 35. Qh4 Kg8 36. Qg5 Qd6 ({But not} 36... Nxc3 $6 37. Nxc3 Qxc3 38. Qd8+ Kh7 39. Qh4+ Kg8 40. Qd8+ Kh7 41. Qh4+ Kg8 42. Qd8+ $11) 37. Qe3 Qe6 38. Qd2 g5 39. h4 (39. f3 $142) 39... gxh4 $17 40. Nf4 (40. c4 $17 Nd6 41. Nf4) 40... Qh6 $19 41. Qe3 {[#] intending Qe8+.} Nxc3 $1 {[%mdl 576] Deflection} 42. Qxc3 (42. Qe8+ Kh7) 42... Qxf4 {[%mdl 4096] Endgame KQ-KQ} 43. Qc8+ Kh7 44. Qxb7 Qf5 45. b4 $2 (45. Qxa6 Qb1+ 46. Kh2) 45... d4 {Threatens to win with ...h3.} 46. Qxa6 (46. Qa7 $142 d3 47. Qd4) 46... Qb1+ 47. Qf1 Qxb4 48. Qd3+ Kh6 49. Qe4 (49. Qa6+ $142 f6 50. Qe2) 49... g5 50. Qe5 Kg6 51. Qe4+ Kg7 52. Qe5+ {[#]} f6 $1 {[%cal Rf6e5]} 53. Qc7+ (53. Qe4) 53... Kg6 (53... Kh6 $142 54. Kh2 Qe1) 54. Qc2+ Kh6 55. Qe4 Qd6 {And now ...d3 would win.} 56. Qe8 (56. Qd3 $142) 56... Kg7 $2 (56... d3 {...Kg7 is the strong threat.} 57. Qh8+ Kg6 58. Qg8+ Kf5 59. Qc8+ Qe6) 57. Qc8 $2 (57. Qe4 $19) 57... d3 58. Qb7+ Kh6 59. Qc8 d2 {[%cal Rd2d1]} 60. Qh8+ Kg6 {[%cal Rd2d1]} 61. Qg8+ Kf5 {[%cal Rd2d1]} 62. Qc8+ Ke5 63. Qe8+ Kf4 (63... Kd4 $142 64. Qa4+ Ke5 65. Qb5+ Qd5 66. Qe2+ Kd6 67. Qa6+ Kc7 68. Qa7+ Kd8 69. Qb8+ Kd7 70. Qa7+ Ke6 71. Qb6+ Kd7 72. Qa7+ Ke6 73. Qb6+ Kd7 74. Qa7+) 64. Qa4+ Ke5 65. Qe8+ Kd4 {Black mates.} 66. Qa4+ Kc3 67. Qa1+ Kd3 68. Qb1+ Kd4 69. Qb2+ Ke4 {[%cal Rd2d1]} 70. Qb1+ Qd3 71. Qb7+ Qd5 72. Qe7+ Kd3 73. Qa3+ Kc2 74. Qa4+ Qb3 75. Qc6+ Kb1 76. Qe4+ Kc1 77. Qc6+ Qc2 78. Qxf6 d1=Q+ 79. Kh2 Qc7+ {[%mdl 32768] Weighted Error Value: White=0.47/Black=0.19. Loss on time!?} 1-0

[Event "UZB-ch Women 2021"]
[Site "Tashkent"]
[Date "2021.04.20"]
[Round "3.3"]
[White "Omonova, Umida"]
[Black "Abdusattorova, Bakhora"]
[Result "1/2-1/2"]
[WhiteElo "2008"]
[BlackElo "2078"]
[Annotator "TA"]
[PlyCount "109"]
[EventDate "2021.04.17"]
[EventType "tourn"]
[EventCountry "UZB"]
[SourceTitle "playchess.com"]
[Source "ChessBase"]
[SourceQuality "1"]

{[%evp 12,109,31,37,60,45,65,43,66,47,48,32,55,61,56,39,112,98,108,108,119,120,146,59,60,52,68,67,74,21,56,29,10,-33,-33,-33,-39,-65,-78,-181,-168,-161,-155,-287,-148,-163,-149,-153,-135,-278,-260,-879,-236,-473,271,271,293,269,260,266,942,937,838,618,789,784,766,26,23,24,20,20,20,24,25,16,14,14,15,13,133,7,6,8,195,173,295,295,295,295,295,295,672,672,665,665,665,665,669,642]} 1. d4 Nf6 2. c4 e6 3. Nc3 Bb4 4. e3 c5 5. Nge2 O-O 6. a3 Bxc3+ {The main line 6...Bxc3+ scores better than 6...cxd4.} 7. Nxc3 b6 {E46: Nimzo-Indian: Rubinstein: 4 e3 0-0 5 Ne2 without early Bd3.} 8. Be2 Bb7 9. O-O d5 {White is slightly better.} 10. cxd5 exd5 11. Bf3 {[#]} Qd7 $146 ({Predecessor:} 11... Na6 12. dxc5 Nxc5 13. b4 Nce4 14. Bb2 Ng5 15. Be2 Qe7 16. Nb5 Nfe4 17. Nd4 Nd6 {½-½ (35) Modell,B (1669)-Olofsson,H (2019) Ostersund 2019}) 12. dxc5 bxc5 13. b4 Ne4 (13... Na6 $14) 14. Na4 cxb4 15. axb4 Rd8 16. Bb2 f6 17. Rc1 ({White should play} 17. b5 $16) 17... Na6 $14 18. Nc5 Naxc5 19. bxc5 Bc6 20. h4 (20. Bg4 $16 Qe8 21. f3) 20... Rab8 21. Qd4 a5 22. Ba3 (22. Bc3 $5) 22... Rb3 $36 {[%mdl 2048] Black has some pressure.} 23. Ra1 Rdb8 24. Bd1 Rc3 25. Be2 (25. Bf3 $17 {keeps fighting.} Rbb3 26. Rfd1) 25... Rbb3 $19 26. Bc1 Rxc5 27. Bh5 (27. Qd1 $17 {might work better.} a4 28. Ba3) 27... g6 ({Black should try} 27... Rb4 $19 28. Qd1 Nc3) 28. Bf3 {aiming for Bxe4.} Rb4 29. Qd1 {Black should prevent Ba3.} Nc3 30. Qe1 (30. Qd2 $17 {was the only chance.}) 30... Rxh4 31. Ba3 $2 {[#]} (31. Rxa5 Qc7 32. g3 Qxa5 33. gxh4) 31... Rcc4 $2 (31... d4 $1 {[%mdl 512] ( -> ...Bxf3!)} 32. Bxc6 Rch5) 32. Bb2 $2 {[#]} (32. Rc1 {is a better defense.} d4 33. Bxc6 Rxc6 34. Bb2) 32... Na4 $4 {[%mdl 8192]} (32... Rh6 $1 $19 {And now ...Rch4 would win.} 33. e4 (33. Bxc3 $2 Rch4 $19) 33... dxe4) 33. Bxf6 $18 Qd6 {[%csl Gh4][%cal Rd6h2]} 34. Bxh4 Rxh4 {[%csl Gh4][%cal Rd6h2]} 35. g3 Rh6 (35... Rb4 36. Qd2 Nb6) 36. Qxa5 d4 37. e4 (37. Qa6 Bxf3 38. Qa8+ Bxa8 39. e4 Bxe4 40. f4 d3 $1 41. Rf3 Qd4+ 42. Kf1 Bxf3 43. Ke1 Qe3+ 44. Kf1 Rh1#) 37... Nc3 38. Qg5 Qf8 {[#]} 39. Qf4 $2 (39. Ra7 $1 $18) 39... Qxf4 $11 40. gxf4 {Threatens to win with Ra6.} Rh4 41. Ra6 Bb5 42. Ra8+ Kg7 43. Re1 {Hoping for Ra7+.} (43. Rfa1 {feels hotter.} Rxf4 44. Kg2 Nxe4 45. Bxe4 Rxe4 46. R8a7+) 43... Rxf4 44. Kg2 g5 $1 45. Rd8 d3 {[#]} (45... g4 $11 46. Bd1 d3) 46. e5 ({White has to play} 46. Rc1 $1 $16 {[%cal Rc1c3]} Nxe4 47. Bxe4 (47. Rd5 d2 $16) 47... Rxe4 48. Rc5) 46... g4 $1 {[%cal Rg4f3]} 47. Bd1 Bc6+ $2 (47... h5 $11 {and Black is okay.}) 48. Kg3 $18 {[%mdl 64] Double Attack} Re4 (48... Rc4 $142) 49. Rxe4 ({Weaker is} 49. Rxd3 Rxe1 50. Rxc3 Rxd1 $11) 49... Nxe4+ {[%mdl 4096] Endgame KRB-KBN} 50. Kf4 ({Stronger than} 50. Kxg4 Nxf2+ 51. Kf4 Nxd1 $11) 50... Nxf2 51. Bxg4 Bb5 $2 (51... Nxg4 52. Kxg4 Kf7 53. Rxd3 Ke7) 52. Bf5 {White is clearly winning.} h6 53. Kf3 Nd1 54. Bxd3 Bc6+ 55. Be4 {[%mdl 32768] What a bad dream for Black.  Weighted Error Value: White=0.70/Black=0.60. An unexpected result.} 1/2-1/2

[Event "UZB-ch Women 2021"]
[Site "Tashkent"]
[Date "2021.04.20"]
[Round "4.1"]
[White "Salimova, Asal"]
[Black "Orazmukhammedova, Makhim"]
[Result "1-0"]
[WhiteElo "1815"]
[BlackElo "1898"]
[Annotator "NA RC"]
[PlyCount "51"]
[EventDate "2021.04.17"]
[EventType "tourn"]
[EventCountry "UZB"]
[SourceTitle "playchess.com"]
[Source "ChessBase"]
[SourceQuality "1"]
[TimeControl "5400+30"]

1. d4 {[%emt 0:00:09]} d5 {[%emt 0:00:00]} 2. Bf4 {[%emt 0:00:06]} c5 {[%emt 0:00:00]} 3. e3 {[%emt 0:00:05]} Nc6 {[%emt 0:00:12]} 4. Nf3 {[%emt 0:00:11]} Nf6 {[%emt 0:01:23]} 5. Nbd2 {[%emt 0:00:09]} Bf5 {[%emt 0:01:03]} 6. dxc5 {[%emt 0:00:24]} e6 {[%emt 0:23:59]} 7. Nb3 {[%emt 0:05:40]} Nd7 {[%emt 0:07:24]} 8. Nfd4 {[%emt 0:22:05]} Bg6 {[%emt 0:07:48]} 9. Nb5 {[%emt 0:16:29]} e5 {[%emt 0:05:27]} 10. Bg3 {[%emt 0:01:19]} Nb4 {[%emt 0:16:02]} 11. Na3 {[%emt 0:01:17]} f6 {[%emt 0:12:17]} 12. c3 {[%emt 0:03:08]} Nc6 {[%emt 0:00:04]} 13. Qxd5 {[%emt 0:01:42]} Nxc5 {[%emt 0:01:05]} 14. Qxd8+ {[%emt 0:20:19]} Rxd8 {[%emt 0:00:01]} 15. Nxc5 {[%emt 0:06:59]} Bxc5 {[%emt 0:00:02]} 16. Nb1 {[%emt 0:03:11]} Ke7 {[%emt 0:01:30]} 17. Nd2 {[%emt 0:00:19]} Nb4 {[%emt 0:06:22]} 18. cxb4 {[%emt 0:01:41]} Bxb4 {[%emt 0:00:01]} 19. O-O-O {[%emt 0:00:42]} Rc8+ {[%emt 0:00:52]} 20. Nc4 {[%emt 0:00:16]} b5 {[%emt 0:00:49]} 21. a3 {[%emt 0:03:42]} Ba5 {[%emt 0:00:10]} 22. Rd5 {[%emt 0:04:39]} Bf7 {[%emt 0:11:26]} 23. Rxb5 {[%emt 0:00:14]} Bxc4 {[%emt 0:00:02]} 24. Bxc4 {[%emt 0:01:01]} Rxc4+ {[%emt 0:00:01]} 25. Kb1 {[%emt 0:00:07]} Rhc8 {[%emt 0:00:44]} 26. Rxa5 {[%emt 0:00:10]} 1-0

[Event "UZB-ch Women 2021"]
[Site "Tashkent"]
[Date "2021.04.20"]
[Round "4.2"]
[White "Abdusattorova, Bakhora"]
[Black "Semenova, Irina"]
[Result "1/2-1/2"]
[WhiteElo "2078"]
[BlackElo "2188"]
[Annotator "TA"]
[PlyCount "198"]
[EventDate "2021.04.17"]
[EventType "tourn"]
[EventCountry "UZB"]
[SourceTitle "playchess.com"]
[Source "ChessBase"]
[SourceQuality "1"]

{[%evp 13,198,31,15,0,29,25,44,6,12,8,25,0,0,-12,-31,-14,-22,-20,-9,-25,-16,-22,-22,-20,-7,-30,-16,-18,-17,-22,-25,-38,0,0,54,0,0,-12,-17,-74,-23,-19,0,0,26,-91,113,114,110,119,120,116,110,93,84,0,82,0,80,0,89,29,35,32,26,27,26,0,0,0,0,0,51,46,45,51,45,0,0,0,0,-1235,8,0,8,6,12,8,8,8,8,8,8,8,8,8,8,8,8,8,8,8,8,8,8,8,8,8,20,8,8,8,35,35,35,35,35,35,35,0,36,36,36,0,37,0,37,-7,8,8,8,8,37,37,37,0,37,37,37,37,37,37,37,37,103,103,103,103,103,37,49,37,37,37,37,0,37,37,37,0,37,37,37,0,37,0,37,8,103,103,110,8,8,0,8,8,8,8,8,8,8,8,8,8,8,8,8]} 1. d4 d5 2. c4 e6 3. Nf3 c6 4. e3 Bd6 5. Bd3 dxc4 6. Bxc4 Nf6 7. O-O Nbd7 8. b3 {D30: Queen's Gambit Declined: Systems without Nc3.} O-O 9. Bb2 a6 {[#]} 10. Qe2 $146 {White is slightly better.} ({Predecessor:} 10. Nbd2 c5 11. Be2 b6 12. Nc4 Be7 13. dxc5 Bxc5 14. Nd6 Qe7 15. Nxc8 Rfxc8 16. a3 a5 17. Nd4 Ne5 18. h3 Rd8 {½-½ (106) Zhu,C (2480)-Haznedaroglu,K (2483) Khanty-Mansiysk 2010}) 10... Qe7 11. Ne5 c5 12. Nxd7 Nxd7 13. Nd2 cxd4 14. Bxd4 b5 15. Bd3 (15. Qg4 $2 e5 $19) 15... Bb7 16. Rad1 (16. a4 {looks sharper.} e5 17. Bb2 e4 18. Bb1 Be5 19. Bd4) 16... e5 17. Bb2 Nc5 18. Bc2 Rad8 19. Qg4 (19. b4 $5 {[%cal Rb4c5]} Na4 20. Bxa4 bxa4 21. a3 $15) 19... Bc8 20. Qh5 {[%csl Gc2][%cal Rh5h7]} g6 21. Qh6 a5 22. a3 f5 23. Nf3 $40 {[%mdl 128] White wants to play b4. White has some attack.} Bb7 (23... b4 $11) 24. Ng5 (24. b4 $14 axb4 25. axb4 Bxf3 26. gxf3) 24... Ne6 25. Nxe6 Qxe6 26. a4 (26. h4 $11) 26... bxa4 (26... b4 $17 27. h4 Rc8) 27. bxa4 $11 Bc7 (27... Ba6 {with more complications.} 28. e4 f4 29. Bd3 Bxd3 30. Rxd3 Bc7) 28. Rc1 Rd7 (28... Rf7 {is more complex.} 29. Qg5 Bd5 30. Rfd1 Rdd7 31. Re1 Bd8) 29. Bd3 {[#]} Bd5 $2 (29... Bxg2 $1 $17 {keeps the pressure on.} 30. Bc4 (30. Rxc7 $2 Rxc7 31. Kxg2 Qb3 $19) 30... Bd5) 30. Bb5 $16 Rdf7 31. Rfd1 Bb3 32. Rd3 Rd8 33. Rdc3 Bd6 34. Rd3 Bc7 35. Rdc3 Bd6 36. h4 (36. Rc6 $16) 36... Bd5 {[#]} (36... Bf8 $1 $11 {keeps the balance.} 37. Qg5 Be7) 37. h5 (37. Ba3 $1 $16) 37... Bf8 $11 38. Qg5 Be7 39. Qg3 f4 40. Qh2 Bg5 41. hxg6 hxg6 {And now ...Rh7 would win.} 42. Rc7 {aiming for Rxf7.} Rdf8 (42... fxe3 $11 43. Rxf7 Qxf7) 43. e4 $1 $14 {[%cal Re4d5]} Bxe4 44. Rxf7 Rxf7 (44... Kxf7 $2 {too greedy.} 45. Qh7+ Kf6 46. Rc7 $18) 45. Bc4 (45. Rc5 {is interesting.} Bd5 46. Qh3 Bf6 47. Qxe6 Bxe6 48. Be8) 45... Bd5 46. Bxd5 Qxd5 47. Rc8+ $2 {[%mdl 8192]} (47. Qh3 $11) 47... Rf8 $2 (47... Bd8 $19 {[%cal Rd5d1]} 48. Qh3 Qd1+ {[%mdl 64] Double Attack} 49. Kh2 Rh7 50. Qxh7+ Kxh7) 48. Rxf8+ $11 Kxf8 {[%cal Rd5d1]} 49. Qh8+ Ke7 50. Qxe5+ Qxe5 51. Bxe5 {[%mdl 4096] Endgame KB-KB} Kd7 $1 52. Kf1 f3 53. gxf3 Kc6 54. Bc3 Bd8 55. Ke2 Kd5 56. Kd3 Bb6 57. Bd2 Bd8 58. Be3 Bc7 59. Bd4 Bd8 60. f4 Bc7 61. Bc3 Bb6 62. Be1 Bc7 63. Bd2 Bd8 64. Be3 Bc7 65. Ba7 Bd8 66. Be3 Bc7 67. Bd4 Bd8 68. Bc3 Bb6 69. Bd2 (69. f3 {is more complex.} Bc7 70. Bf6 Bb6 71. Be5 Bd8 72. Bb2) 69... Bd8 70. Ke3 g5 71. fxg5 (71. Kd3 {keeps more tension.} g4 72. Ke2 Ke4 73. Kf1 Kf3 74. f5) 71... Bxg5+ 72. Kd3 Bd8 (72... Bh4 {is interesting.} 73. f4 Bd8 74. Bc3 Bc7 75. f5 Bd8) 73. Be3 Bc7 74. Bd2 Bb6 75. f3 Bd8 76. Bc3 Bb6 77. Bf6 Bc7 $1 78. Bd4 Bg3 (78... Bd8 $1 $14) 79. Bb6 $16 Be1 {[#]} 80. Bd8 $1 Kc5 81. Be7+ ({Better is} 81. f4 $16) 81... Kd5 $14 82. Bf8 Bg3 83. Bh6 Bc7 84. Bd2 Kc5 85. Bc3 Kd5 86. Bd4 Bg3 87. Be3 Bc7 88. Bd4 Bg3 89. Bb6 Be1 90. f4 Bg3 (90... Kc6 $1 $11 {remains equal.} 91. Bd4 Kd5) 91. f5 $16 ({Much weaker is} 91. Bxa5 $6 Bxf4 92. Bd8 Kc6 $11) 91... Be1 92. Bd4 ({White should play} 92. Bd8 $16) 92... Bh4 $1 $11 {The position is equal.} 93. Bb6 Ke5 94. Kc4 (94. Bxa5 {feels hotter.} Kxf5 95. Bc3 Ke6 96. a5 Kd6 97. a6) 94... Kxf5 95. Bxa5 Ke6 96. Kc5 {Black must now prevent Kc6.} Kd7 97. Kb6 Kc8 98. Ka7 Bg3 99. Bb6 Be1 {Weighted Error Value: White=0.32/Black=0.32} 1/2-1/2

[Event "UZB-ch Women 2021"]
[Site "Tashkent"]
[Date "2021.04.20"]
[Round "4.3"]
[White "Khegay, Yuliya"]
[Black "Omonova, Umida"]
[Result "0-1"]
[WhiteElo "1913"]
[BlackElo "2008"]
[Annotator "TA"]
[PlyCount "102"]
[EventDate "2021.04.17"]
[EventType "tourn"]
[EventCountry "UZB"]
[SourceTitle "playchess.com"]
[Source "ChessBase"]
[SourceQuality "1"]

{[%evp 26,102,0,0,8,0,0,-1,19,6,11,0,10,0,0,0,25,25,29,28,75,23,12,11,7,-40,-38,-45,-63,-48,-26,-107,-103,-108,-46,-256,-73,-80,-49,-150,-74,-93,-97,-85,-43,-70,-85,-83,-39,-133,-121,-255,-239,-616,-610,-560,-265,-884,-883,-828,-911,-906,-914,-804,-777,-969,-616,-966,-949,-835,-185,-954,-361,-866,-799,-926,-785,-29980,-29981]} 1. e4 c5 2. Nf3 Nc6 3. Bb5 g6 4. O-O Bg7 5. c3 Nf6 6. Re1 O-O 7. d4 cxd4 8. cxd4 d5 9. e5 Ne4 10. Bxc6 bxc6 11. Nbd2 c5 12. dxc5 Nxc5 13. Nb3 Nxb3 14. Qxb3 d4 {B31: Sicilian: 2...Nc6 3 Bb5 g6.} 15. Rd1 Be6 16. Qa3 {[#]} Bd5 $146 {The position is equal.} ({Predecessor:} 16... Qc7 17. Bg5 Rfe8 18. Rac1 Qb7 19. Nxd4 Bd5 20. Qg3 Qxb2 21. Rc2 Qb7 22. Rcd2 h6 {0-1 (38) Savitskiy,S (2413)-Ter Sahakyan,S (2547) St Petersburg 2018}) 17. Rxd4 e6 18. Bf4 a5 19. Qe3 Qb6 20. b3 Rac8 21. Nd2 Rc2 22. Nc4 Qb4 {[%cal Rd5c4]} 23. a3 (23. Qd3 $16 Rc3 24. Qe2) 23... Qc5 $11 24. Rd3 Qc6 25. Qg3 Bxc4 26. bxc4 Rxc4 27. Re1 Rc8 28. Qg5 (28. Qe3 $11 {keeps the balance.}) 28... h6 $17 29. Qg3 a4 (29... Re4 $17 {[%cal Re4e1]} 30. Rde3 Rd4) 30. Qe3 ({White should play} 30. h3 $15) 30... Kh7 $2 (30... g5 $19 {is more deadly.} 31. Bg3 Re4 $1) 31. h3 Qb5 32. Bg3 {[#]} (32. Red1 $1 $15) 32... Bf8 (32... Rc1 $142 $1 {[%cal Rc1e1][%mdl 512] And now ...Rxe1+ would win.} 33. Rd4 (33. Rxc1 Rxc1+) 33... Qb2) 33. Qf3 Kg8 34. Red1 {Hoping for Rd7.} Rc1 35. Kh2 {Threatens to win with Rd7.} Rxd1 36. Rxd1 Be7 37. Qe3 {White is on the road to losing.} (37. Rd4 $1 $15) 37... Kg7 38. f4 (38. Rd4 $17 {is a better defense.}) 38... Rc2 $19 39. Qa7 $2 {[#]} (39. Qe4 Rc3 40. Rb1) 39... Qe2 $1 {[%csl Gc2][%cal Re2g2]} 40. Qg1 Bc5 (40... Bxa3 $142 41. Bf2 Qxf2 42. Qxf2 Rxf2) 41. Qh1 $2 (41. Qf1 Qxf1 42. Rxf1) 41... Bxa3 42. Bh4 g5 43. fxg5 hxg5 44. Re1 Qd2 (44... gxh4 45. Rxe2 Rxe2 46. Qd1 $16) 45. Rd1 Qc3 ({Worse is} 45... gxh4 46. Rxd2 Rxd2 47. Qe1 $11) 46. Bg3 Qc4 47. Qe1 Bc1 $2 (47... Bc5 48. Ra1 a3) 48. h4 $2 (48. Rxc1 Rxc1 49. Qd2) 48... Bf4 $2 (48... gxh4 49. Kg1 a3) 49. hxg5 $2 (49. Bxf4 Qxf4+ 50. Qg3 Qxh4+ 51. Qxh4 gxh4 52. Rd3) 49... Bxg5 {...Qg4 is the strong threat.} 50. Ra1 Qg4 51. Qf1 Qh5+ {Weighted Error Value: White=1.04/Black=0.69} 0-1

[Event "UZB-ch Women 2021"]
[Site "Tashkent"]
[Date "2021.04.20"]
[Round "4.4"]
[White "Yakubbaeva, Nilufar"]
[Black "Saparova, Sitora"]
[Result "1-0"]
[WhiteElo "2275"]
[BlackElo "2017"]
[Annotator "TA"]
[PlyCount "43"]
[EventDate "2021.04.17"]
[EventType "tourn"]
[EventCountry "UZB"]
[SourceTitle "playchess.com"]
[Source "ChessBase"]
[SourceQuality "1"]

{[%evp 9,43,38,37,33,61,55,80,70,78,80,92,22,92,35,109,104,97,93,75,97,101,122,370,368,947,962,1120,842,29978,1191,6397,3360,29989,29987,29983,3037]} 1. e4 a6 2. d4 d6 3. Nf3 g6 4. a4 Bg7 5. Bc4 Nc6 6. O-O {[#] B00: Queen's Fianchetto Defence, Nimzowitsch Defence.} e5 $146 {[%cal Rc6d4]} ({Predecessor:} 6... Nf6 7. Nc3 Bg4 8. Be2 e5 9. dxe5 dxe5 10. Bg5 Qxd1 11. Rfxd1 Bxf3 12. Bxf3 Nd4 13. Bxf6 Bxf6 {0-1 (52) Safin,T (2079)-Sitnikov,A (2408) Cheliabinsk 2019}) 7. dxe5 dxe5 8. Ng5 {White is better.} Nh6 9. Nc3 Nd4 10. f4 (10. Qd3 $16) 10... O-O (10... f6 $11) 11. h3 (11. fxe5 $16 Bxe5 12. h3) 11... Nxc2 12. Qxc2 $16 Qd4+ {[%mdl 64] [#] Double Attack} 13. Qf2 $1 {Hoping for Bb3.} Qxc4 14. fxe5 Bxe5 15. Be3 {aiming for Nd5.} f5 $2 {This costs Black the game.} (15... Be6 $16) 16. Nd5 $18 {[%cal Bc3d5,Bd5e7,Be7g6][%mdl 32] Strongly threatening Qh4.} Bg7 $2 (16... Nf7 17. Rfc1 Qb3) 17. Rac1 Qb3 18. Rxc7 Nf7 19. Ne7+ Kh8 {[#]} 20. Bd4 $1 Ne5 (20... Rd8 21. Nxg6+) 21. Bxe5 Bxe5 {[#]} 22. Nxg6+ $1 {[%mdl 576] Double Attack.  Weighted Error Value: White=0.16/Black=1.57} 1-0

[Event "UZB-ch Women 2021"]
[Site "Tashkent"]
[Date "2021.04.21"]
[Round "5.1"]
[White "Omonova, Umida"]
[Black "Yakubbaeva, Nilufar"]
[Result "1/2-1/2"]
[WhiteElo "2008"]
[BlackElo "2275"]
[Annotator "TA"]
[PlyCount "91"]
[EventDate "2021.04.17"]
[EventType "tourn"]
[EventCountry "UZB"]
[SourceTitle "playchess.com"]
[Source "ChessBase"]
[SourceQuality "1"]

{[%evp 11,91,22,20,20,27,28,25,11,32,13,20,14,29,36,36,23,41,22,22,22,22,22,22,22,19,16,25,13,16,0,0,0,0,0,14,0,0,0,0,0,0,-18,-6,-15,-5,-10,0,-17,-9,-23,-17,-17,-18,-23,0,0,0,0,0,0,0,0,0,0,0,-20,0,0,0,0,0,0,0,0,0,0,0,-8,-8,-8,-8,-8]} 1. e4 e5 2. Nf3 Nc6 3. Bc4 Bc5 4. O-O Nf6 5. d3 a6 6. c3 d6 7. a4 {C54: Giuoco Piano: 4 c3 Nf6, main lines with 5 d4 and 5 d3.} Ba7 8. Nbd2 O-O 9. h3 {White has an edge.} Be6 {9...h6 is becoming the main line.} 10. Re1 Qd7 11. Nf1 {[#]} d5 $146 ({Predecessor:} 11... h6 12. Ng3 d5 13. Bb3 Rfe8 14. a5 dxe4 15. dxe4 Bxb3 16. Qxb3 Qe6 17. Qc2 Rad8 {1-0 (57) Zupe,M (2420)-Siklosi,Z (2325) Austria 1995}) 12. exd5 Bxd5 13. Be3 Rfe8 14. Bxd5 (14. Bxa7 {is more complex.} Rxa7 15. Ne3 Bxc4 16. dxc4 Raa8 17. Qc2) 14... Nxd5 15. Bxa7 Rxa7 16. d4 exd4 17. Rxe8+ Qxe8 18. Nxd4 Ra8 19. Nxc6 Qxc6 20. Qd4 Re8 21. Rd1 Nf6 22. Ne3 g6 23. Qc4 Qxc4 24. Nxc4 $11 {[%mdl 4096] Endgame KRN-KRN} Re4 25. b3 Re2 26. Rd3 Re1+ 27. Kh2 Kg7 28. f3 g5 29. Re3 Rd1 30. Re7 Nd5 31. Rd7 Kf6 32. Nb2 Rb1 {[#] White must now prevent ...Ke6.} 33. Nd3 {The position is equal.} Ne3 34. Rxc7 Rxb3 35. f4 gxf4 (35... h6 {is interesting.} 36. fxg5+ hxg5 37. Nc5 Rb2 38. Kg3 Nxg2 39. Rxb7 Rxb7 40. Nxb7 Nf4) 36. Nxf4 Ra3 37. Rxb7 Rxa4 38. Nd3 (38. Kg3 {seems wilder.} Ra3 39. Rc7 Nd1 40. Ne2 a5 41. Kf3) 38... Ra2 39. Kg3 Ra3 ({Don't blunder} 39... Rxg2+ $2 40. Kf3 $18) 40. Nc5 Nd5 41. Kf2 Nxc3 42. Rb6+ Ke5 43. Rxa6 Ne4+ 44. Ke2 Rxa6 45. Nxa6 Kf4 46. Nb4 {Weighted Error Value: White=0.04/Black=0.04} 1/2-1/2